000 00337nam a2200097Ia 4500
005 20250424112831.0
008 250424s9999 xx 000 0 und d
300 _avolumes ; 30 cm.
650 _aFrench philology--Periodicals. French philology. Language and languages. Europe, Western--Languages--Periodicals. Europe, Western.
942 _cSR
999 _c37401
_d37401